00981nam a2200301 a 450000100100000000500170001000800410002704000250006808200160009324501030010926000470021230000210025950000380028070000190031870000220033770000270035970000180038670000220040470000200042670000260044670000260047270000370049870000360053570000260057170000190059770000240061670000390064000002391520200930022551.0110117s1968 mx r 000 | spa d aDO-SdBNPbspacBNPHU axxxxbB823h10aBrasil : hoy /cCelso Furtado ...[et al]; traducción de Rosa Cusminsky de Cendrero ... [et al.]. aMéxico, D. F. :bSiglo Veintiuno,c1968. a215 p. ;c18 cm. aIncluye notas al pie de páginas1 aFurtado, Celso1 aJaguaribe, Helio,1 aWeffert, Francisco C.,1 aCardoso, H. ,1 aCallado, Antonio,1 aLeito Lopes, J.1 aCarperaux, Otto Maria1 aBernadet, Jean-Claude1 aCusminsky de Cendrero, Rosaetr.1 aBastianes, Carlos Alberto,etr.1 aBaldatti, Celia,etr.1 aPilar, N.etr.1 aGarcía, Lidaetr.1 aDolores de la Peña, Maríaetr.